000 00520cam a2200157 4500500
005 20251228091001.0
041 _afre
042 _adc
100 1 0 _aDaudin, Claire
_eauthor
700 1 0 _aLabouret, Denis
_eauthor
245 0 0 _aPéguy et l’enfance
260 _c2021.
500 _a91
786 0 _nBulletin de l’Amitié Charles Péguy | 176 | 4 | 2021-05-05 | p. 271-273 | 0180-8567
856 4 1 _uhttps://shs.cairn.info/revue-bulletin-de-lamitie-charles-peguy-2021-4-page-271?lang=fr&redirect-ssocas=7080
999 _c1602947
_d1602947